| 000 | 00524nam a2200193Ia 4500 | ||
|---|---|---|---|
| 003 | OSt | ||
| 005 | 20250212134200.0 | ||
| 008 | 210210b1953 xxu||||| |||| 00| 0 eng d | ||
| 040 | _cAL | ||
| 041 | _ahin | ||
| 082 | _a862/56 | ||
| 100 |
_aKUMAR (Jainendra) _9199388 |
||
| 110 |
_bकुमार जैनेन्द्रा _9199389 |
||
| 245 |
_aPrasthuth prasna: _bप्रस्तुत प्रसना |
||
| 260 |
_aDilli _b- _c1953 |
||
| 690 |
_aHindi Prose _9199390 |
||
| 906 | _a023302 | ||
| 942 |
_2ddc _cBK |
||
| 999 |
_c148262 _d148262 |
||